|
|
|
|
| LEADER |
00787nam a2200265 a 4500 |
| 001 |
000034955 |
| 003 |
CZ BrMZK |
| 005 |
20150608063919.0 |
| 007 |
ta |
| 008 |
950313s1989 fr f fre d |
| 020 |
|
|
|a 2-02-010917-4
|
| 040 |
|
|
|a BOA001
|b cze
|
| 080 |
|
|
|a 800.1
|2 MRF
|
| 100 |
1 |
|
|a Milner, Jean-Claude,
|d 1941-
|7 jo2013768939
|4 aut
|
| 245 |
1 |
0 |
|a Introduction a une science du langage /
|c Jean-Claude Milner.
|
| 260 |
|
|
|a Paris :
|b Éditions du Seuil,
|c 1989
|
| 300 |
|
|
|a 701 s.
|
| 541 |
|
|
|a Prague, Ambassade de France
|
| 653 |
0 |
|
|a jazyk
|a řeč
|
| 910 |
|
|
|a BOA001
|b 2-1013.605
|
| 962 |
|
|
|a 800.1
|
| 964 |
|
|
|a Řeč
|x teorie
|
| 964 |
|
|
|a Jazyk
|x teorie
|
| 990 |
|
|
|a BK
|
| 996 |
7 |
|
|b 2610026974
|c 2-1013.605
|l MZK
|r Sklad / do 1 hodiny
|n 3
|p dar
|w 000034955
|u 000010
|a 1
|e BOA001
|j MZK50
|s A
|